El deporte y la política / (Record no. 104024)

MARC details
000 -LEADER
campo de control de longitud fija 00622nam a2200193 i 4500
001 - NÚMERO DE CONTROL
campo de control 104024
003 - IDENTIFICADOR DE NÚMERO DE CONTROL
campo de control ES-MaACL
005 - FECHA Y HORA DE LA ÚLTIMA TRANSACCIÓN
campo de control 20230906183508.0
007 - CAMPO FIJO DE DESCRIPCIÓN FÍSICA--INFORMACIÓN GENERAL
campo de control de longitud fija t|
008 - DATOS DE LONGITUD FIJA--INFORMACIÓN GENERAL
campo de control de longitud fija 051122s1972 sp ||||1| spa d
100 1# - ENTRADA PRINCIPAL--NOMBRE DE PERSONA
Nombre de persona Meynaud, Jean.
9 (RLIN) 80816
245 13 - MENCIÓN DEL TÍTULO
Título El deporte y la política /
Mención de responsabilidad, etc. por Jean Meynaud ; prólogo por José Florit Capella... ; [traducida por Josep A. Pombo].
260 ## - PUBLICACIÓN, DISTRIBUCIÓN, ETC.
Lugar de publicación, distribución, etc. Barcelona :
Nombre del editor, distribuidor, etc. Hispano Europea,
Fecha de publicación, distribución, etc. 1972.
300 ## - DESCRIPCIÓN FÍSICA
Extensión 325 p. ;
Dimensiones 21 cm.
650 #4 - PUNTO DE ACCESO ADICIONAL DE MATERIA--TÉRMINO DE MATERIA
Término de materia o nombre geográfico como elemento de entrada Política deportiva.
9 (RLIN) 168891
700 1# - ENTRADA AGREGADA--NOMBRE PERSONAL
Nombre de persona Florit, José.
9 (RLIN) 51348
700 1# - ENTRADA AGREGADA--NOMBRE PERSONAL
Nombre de persona Pombo, Josep A.
9 (RLIN) 92907
852 ## - LOCALIZACIÓN
Ubicación ES-MaACL
Número de control de estantería E-7979
Sublocalización o colección R.92381
Holdings
Estatus retirado Estado de pérdida Estado de daño No para préstamo Biblioteca de origen Biblioteca actual Ubicación en estantería Fecha de adquisición Fuente de adquisición Total de préstamos Signatura topográfica completa Código de barras Visto por última vez Precio de reemplazo Tipo de ítem Koha
        Biblioteca del Ateneo de Madrid Biblioteca del Ateneo de Madrid Depósito 2 17/01/2008     E-7979 1108610 23/02/2023 23/02/2023 Libro impreso